Statistics for 1402-江ノ島電鉄の駅

Click here to take the quiz!

General Stats

  • This quiz has been taken 115 times
  • The average score is 11 of 15

Answer Stats

江ノ島電鉄線% Correct
鎌倉
100%
藤沢
100%
江ノ島
99%
鎌倉高校前
92%
長谷
86%
腰越
84%
極楽寺
78%
鵠沼
75%
七里ヶ浜
70%
由比ヶ浜
62%
和田塚
62%
湘南海岸公園
61%
稲村ヶ崎
60%
石上
54%
柳小路
46%

Score Distribution

Percentile by Number Answered

Percent of People with Each Score

Your Score History

You have not taken this quiz